Tecnología educativa: política, historias, propuestas
I tiakina i:
| Ngā kaituhi matua: | , , , , , , , |
|---|---|
| Ētahi atu kaituhi: | |
| Hōputu: | Pukapuka |
| Reo: | Pāniora |
| I whakaputaina: |
Buenos Aires
Paidós
1995
|
| Putanga: | 1a. ed |
| Rangatū: | Cuestiones de Educación, 10
|
| Ngā marau: | |
| Ngā Tūtohu: |
Tāpirihia he Tūtohu
Kāore He Tūtohu, Me noho koe te mea tuatahi ki te tūtohu i tēnei pūkete!
|
MARC
| LEADER | 00000cam a2200000 a 4500 | ||
|---|---|---|---|
| 001 | UCE1610 | ||
| 003 | CL-VaPUC | ||
| 008 | 140502e19950000ag |||||||||||||||||spa|d | ||
| 020 | |a 9501261107 | ||
| 082 | 0 | 4 | |a 371.1 |b LIT |2 21 |
| 100 | |a Litwin, Edith |e autora |9 602145 | ||
| 700 | |a Libedinsky, Marta |e author |9 573953 | ||
| 700 | 0 | |a Liguori, Laura |e author |9 573954 | |
| 700 | 0 | |a Lion, Carina |e author |9 573955 | |
| 700 | 0 | |a Lipsman, Marilina |e author |9 573956 | |
| 700 | |a Maggio, Mariana |e autora |9 603066 | ||
| 700 | 0 | |a Mansur, Anahí |e author |9 573958 | |
| 700 | 0 | |a Scheimberg, Martha |e author |9 573959 | |
| 700 | 0 | |a Roig, Hebe |e author |9 573960 | |
| 245 | 1 | 0 | |a Tecnología educativa: política, historias, propuestas |
| 250 | |a 1a. ed | ||
| 300 | |a 296 p | ||
| 942 | |c BK | ||
| 945 | |d 20140502 10:02:00 |a dcastane | ||
| 260 | |a Buenos Aires |b Paidós |c 1995 | ||
| 650 | 0 | |a Tecnología educacional |9 307265 | |
| 650 | 0 | |a Docentes |9 311365 | |
| 650 | 7 | |a INNOVACIONES TECNOLOGICAS |2 CL-VaPUC |9 573961 | |
| 583 | |a last modification |c 20160914 12:52:16 |k Rodrigo Vera | ||
| 490 | 0 | |a Cuestiones de Educación, 10 | |
| 999 | |c 355350 |d 355348 | ||
| 952 | |0 0 |1 0 |3 erb |4 0 |6 371_100000000000000_LIT_1995 |7 0 |8 A |9 462036 |a BIBTEO |b BIBTEO |i 5071682 |o 371.1 LIT 1995 |p 5071682 |r 2025-01-17 |w 2019-11-23 |y BK |z Catalogado en:20140502 |k ICR | ||